| 000 | 01279cam a22003377a 4500 | ||
|---|---|---|---|
| 001 | 13896619 | ||
| 003 | EG-ScBUE | ||
| 005 | 20250226102712.0 | ||
| 008 | 050311t2013 ii a f bd 001 0 eng d | ||
| 020 | _a9788126538591 | ||
| 035 | _a(OCoLC)ocm57659687 | ||
| 040 |
_aIUA _beng _erda _cIUA _dDLC _dEG-ScBUE |
||
| 082 | 0 | 4 |
_a693.85 _222 _bHOS |
| 100 | 1 |
_aHosur, Vinod, _eauthor. _912365 |
|
| 245 | 1 | 0 |
_aEarthquake resistant design of building structures / _cDr. Vinod Hosur professor, Department of Civil Engineering Gogte Institute of Technology, Belgoum, Karnataka. |
| 264 | 1 |
_aNew Delhi : _bWiley India Pvt, Ltd, _c[2013] |
|
| 264 | 4 | _cc2013 | |
| 300 |
_axi, 276 pages : _billustrations ; _c27 cm. |
||
| 490 | 0 | _aWiley precise textbook | |
| 500 | _aIncludes glossary. | ||
| 504 | _aIncludes bibliographical references and index. | ||
| 650 | 7 |
_aStructural design. _2BUEsh _912366 |
|
| 650 | 7 |
_aStructural analysis (Engineering) _2BUEsh _912367 |
|
| 650 | 7 |
_aEarthquake resistant design. _2BUEsh _912368 |
|
| 650 | 7 |
_aWind resistant design. _2BUEsh _912369 |
|
| 653 |
_cFebruary2025 _bENGCIV |
||
| 655 | _vReading book | ||
| 856 | 4 | 2 |
_3Publisher description _uhttp://www.loc.gov/catdir/enhancements/fy0648/2005295927-d.html |
| 942 |
_2ddc _cNB |
||
| 999 |
_c30932 _d30903 |
||